| 000 | 00795nam a2200265 a 4500 | ||
|---|---|---|---|
| 001 | 54693 | ||
| 003 | BD-RjUL | ||
| 005 | 20211209080146.0 | ||
| 008 | 161109s1966 enka b 000 0 eng | ||
| 020 |
_a080182012X (Johns Hopkins) : _c£8.00 |
||
| 035 | _a(BD-RjUL)54815 | ||
| 040 |
_aDLC _cDLC _dBD-RjUL _beng |
||
| 041 | _aeng | ||
| 082 | 0 | 0 |
_a822.3 _223 _bMAA 1966 |
| 100 | 1 |
_aMarston, John, _d1575?-1634. _9163089 |
|
| 245 | 1 | 0 |
_aAntonio's revenge / _cJohn Marston ; edited by G.K. Hunter |
| 260 |
_aLondon : _bEdward arnold, _cc1965-1966 |
||
| 300 |
_axxi, 94 p. : _bill. ; _c21 cm. |
||
| 490 | 0 | _aThe Revels plays | |
| 650 |
_aEnglish drama -- 17th century. _9163068 |
||
| 700 | 1 |
_aHunter, G.K. _9163090 |
|
| 856 | _3The Revels plays | ||
| 942 |
_2ddc _cBK |
||
| 999 |
_c54693 _d54693 |
||